Statistics for Invisible Generator Puzzle

Click here to take the quiz!

General Stats

  • This quiz has been taken 332 times
  • The average score is 15 of 21

Answer Stats

Hint Answer % Correct
FOEFlying SaucerFoe
99%
UTo and ___UFO
97%
RFootball umpireFro
94%
Belonging to usRef
89%
Period of historyOur
88%
ANear antonymEra
84%
Wooden paddleEar
81%
What we hear withFar
80%
The Simpsons barmanOar
78%
MProvide weapons toMoe
68%
Sing wordlesslyRum
67%
Ostrich-like Australian birdArm
67%
HElectrical resistance unitHum
67%
Pirate liquorEmu
66%
Pig meatOhm
61%
Seek damagesHam
59%
Seashell seller?Ash
55%
Fire residueSea
55%
SBaltic, or Dead, egSue
55%
She
49%
9-Letter WordFARMHOUSE
23%

Score Distribution

Percentile by Number Answered

Percent of People with Each Score

Your Score History

You have not taken this quiz